NETAJI SUBHASH CHANDRA BOSE (Record no. 185502)

MARC details
000 -LEADER
fixed length control field 00367nam a2200145Ia 4500
008 - FIXED-LENGTH DATA ELEMENTS--GENERAL INFORMATION
fixed length control field 090124s9999 xx 000 0 und d
082 ## - DEWEY DECIMAL CLASSIFICATION NUMBER
Item number 203921
245 ## - TITLE STATEMENT
Title NETAJI SUBHASH CHANDRA BOSE
250 ## - EDITION STATEMENT
Edition statement 1
260 ## - PUBLICATION, DISTRIBUTION, ETC. (IMPRINT)
Name of publisher, distributor, etc SAHGAL LAKSHMI
Date of publication, distribution, etc 1993
300 ## - PHYSICAL DESCRIPTION
Extent 112
630 ## - SUBJECT ADDED ENTRY--UNIFORM TITLE
Uniform title NETAJI SUBHASH CHANDRA BOSE
730 ## - ADDED ENTRY--UNIFORM TITLE
Uniform title NETAJI SUBHASH CHANDRA BOSE
942 ## - ADDED ENTRY ELEMENTS (KOHA)
Koha item type Book
Holdings
Withdrawn status Lost status Damaged status Not for loan Home library Current library Date acquired Cost, normal purchase price Total Checkouts Full call number Barcode Date last seen Cost, replacement price Price effective from Koha item type
        Marathi Granth Sangrahalaya,Thane Marathi Granth Sangrahalaya,Thane   16.00   203921 THNMGS-203921 01/24/2009 16.00 01/24/2009 Book